000 00345nam a2200157Ia 4500
100 _aNostradamus
650 _aGeneral
942 _cBK
366 _f17.5
245 _aThe complete prophecies for the future.
260 _bWatkins Publisher
_aLondon
_c2007
082 _a133.3/NOS
_bNOS
300 _a340
546 _aENGLISH
999 _c25216
_d25216